000 00705cam a22002291 4500
999 _c5925
_d5925
001 6445206
003 GBCCL
005 20241126110552.0
008 771102s1941 xx 000 0 eng
010 _a 41010225
035 _a(OCoLC)3388690
040 _aDLC
_cMoSpE
_dDLC
050 0 0 _aBV1534
_b.B42
082 _a268.6
_bBER
100 1 _aBerkeley, James P.
_q(James Percival),
_d1879-1971.
_910727
245 1 0 _aYou can teach /
_cby James Percival Berkeley
260 _aPhiladelphia, Chicago [etc.]
_bThe Judson press
_c[1941]
300 _a94 p.;
_bill.;
_c20 cm.
650 0 _aReligious education
_xTeaching methods.
_96021
906 _a7
_bcbc
_coclcrpl
_du
_encip
_f19
_gy-gencatlg
942 _2ddc
_cBK